Normal view MARC view

Entry Personal Name

Number of records used in: 1

001 - CONTROL NUMBER

  • control field: 88578

003 - CONTROL NUMBER IDENTIFIER

  • control field: OSt

005 - DATE AND TIME OF LATEST TRANSACTION

  • control field: 20230415090251.0

008 - FIXED-LENGTH DATA ELEMENTS

  • fixed length control field: 230415|| aca||aabn | a|a d

040 ## - CATALOGING SOURCE

  • Original cataloging agency: OSt
  • Transcribing agency: OSt

100 ## - HEADING--PERSONAL NAME

  • Personal name: Turk (Christopher);KIRKMAN (John)

670 ## - SOURCE DATA FOUND

  • Source citation: Work cat.: (OSt)157491: Turk (Christopher);KIRKMAN (John), Effective writing: improving scientific technical and business communication, 2003